| 000 | 04562nam a2201189 c 4500 | ||
|---|---|---|---|
| 003 | SpMaBN | ||
| 005 | 20250813185654.0 | ||
| 008 | 141125s2014 sp | |||| 000 0 spa | ||
| 020 | _a9788423419326 | ||
| 040 |
_aSpMaBN _bspa _cPE-LiUPU _erda _dPE-LiUPU |
||
| 082 |
_223 _a333.7 _bL128m |
||
| 100 | 1 |
_aLacalle, Daniel _d1967- _4autor |
|
| 245 | 1 | 3 |
_aLa madre de todas las batallas : _bla energía, árbitro del nuevo orden mundial / _cDaniel Lacalle con Diego Parrilla ; traducido por Ramón Vilà |
| 250 | _aPrimera edición | ||
| 264 |
_aBarcelona : _bDeusto, _c2014. |
||
| 300 |
_a413 páginas : _bilustraciones ; _c23 centímetros. |
||
| 500 | _aEn cubierta: "Descubre quiénes serán los nuevos amos del mundo". | ||
| 505 | _a EL APLANAMIENTO Y LA GLOBALIZACIÓN DEL MUNDO DE LA ENERGÍA: La madre de todas las batallas -- Lecciones de la revolución de internet y de la burbuja puntocom -- Las diez fuer<as que están aplanando el mundo de la energía -- La geopolítica. las dos caras dela moneda de la seguridad energética -- Los recursos y reservas energéticas: sobra el petróleo -- La tecnología cambia el mundo -- La "banda ancha energética" -- La sobrecapacidad -- Globalización, industrialización y urbanización -- La destrucción de demanda. La eficiencia y el ahorro energético: David contra Goliat -- La batalla por la cuota de mercado... a cualquier precio -- La regulación y el intervencionismo gubernamental -- Factores fiscales, monetarios y macroeconómicos -- EL FIN DEL MONOPOLIO DE LA OPEP: El arma del petróleo. Una pólvora cada vez menos efectiva -- El arma del gas:Rusia contra Ucrania y occidente -- Desmontando el mito del pico del petróleo -- EL FRACKING Y EL DEBATE TECNOLÓGICO: mitos y realidades sobre el fracking -- Seguridad de suministro -- La batalla por cuota de mercado genera desinflación -- La batalla por la electricidad y la demanda industrial -- La demanda y capacidad de generación eléctrica -- La "mano visible" de la regulación. Entorpecer -- La guerra contra la contaminación también aplana -- Todos contra el carbón... pagado por usted... -- Las renovables al ataque. Desinflación por tecnología -- Loa biocombustibles. ¿Energía o comida? -- LA OPEP. Tirando piedras contra su propio tejado-- Los gobiernos que critican el petróleo y viven de el. Impuestos -- Inflación por decreto. Experimentos monetarios y la bomba de relojería del crédito -- La excusa perfecta: culpemos a los especuladores -- La energía de escaña-- IMPLICACIONES Y OPORTUNIDADES EN LOS MERCADOS | ||
| 526 | _aP202 | ||
| 526 | _aP201 | ||
| 526 | _aP163 | ||
| 526 | _aP162 | ||
| 526 | _aP161 | ||
| 526 | _aP160 | ||
| 526 | _aP148 | ||
| 526 | _aP147 | ||
| 526 | _aP146 | ||
| 526 | _aP145 | ||
| 526 | _aP144 | ||
| 526 | _aP143 | ||
| 526 | _aP142 | ||
| 526 | _aP141 | ||
| 526 | _aP140 | ||
| 526 | _aP139 | ||
| 526 | _aP138 | ||
| 526 | _aP137 | ||
| 526 | _aP136 | ||
| 526 | _aP135 | ||
| 526 | _aP134 | ||
| 526 | _aP133 | ||
| 526 | _aP129 | ||
| 526 | _aP128 | ||
| 526 | _aP127 | ||
| 526 | _aP120 | ||
| 526 | _aP119 | ||
| 526 | _aP118 | ||
| 526 | _aP116 | ||
| 526 | _aP115 | ||
| 526 | _aP114 | ||
| 526 | _aP110 | ||
| 526 | _aP109 | ||
| 526 | _aP108 | ||
| 526 | _aP104 | ||
| 526 | _aP103 | ||
| 526 | _aP102 | ||
| 526 | _aP99 | ||
| 526 | _aP98 | ||
| 526 | _aP97 | ||
| 526 | _aP96 | ||
| 526 | _aP95 | ||
| 526 | _aP93 | ||
| 526 | _aP90 | ||
| 526 | _aP89 | ||
| 526 | _aP88 | ||
| 526 | _aP83 | ||
| 526 | _aP82 | ||
| 526 | _aP62 | ||
| 526 | _aP59 | ||
| 526 | _aP58 | ||
| 526 | _aP57 | ||
| 526 | _aP51 | ||
| 526 | _aP49 | ||
| 526 | _aP48 | ||
| 526 | _aP47 | ||
| 526 | _aP29 | ||
| 526 | _aP24 | ||
| 526 | _aP20 | ||
| 526 | _aP19 | ||
| 526 | _aP17 | ||
| 526 | _aP15 | ||
| 526 | _aP14 | ||
| 526 | _aP12 | ||
| 526 | _aP10 | ||
| 526 | _aP09 | ||
| 526 | _aP08 | ||
| 526 | _aP07 | ||
| 526 | _aP06 | ||
| 526 | _aP05 | ||
| 526 | _aP04 | ||
| 526 | _aP01 | ||
| 650 | 7 | _aSeguridad energética | |
| 650 | 7 | _aConsumo de energía | |
| 650 | 7 | _aReservas de petróleo | |
| 650 | 7 | _aIndustria petrolífera | |
| 650 | 7 | _aIndustria energética | |
| 700 | 1 |
_aParrilla, Diego _d1973- _4autor |
|
| 700 |
_aVilá, Ramón _4Traducctor _91218 |
||
| 942 |
_2ddc _cBK _n0 |
||
| 956 | _a2 | ||
| 980 |
_621515 _aDIGNA BRAÑES Analista Documental _81 _gALBERTO SANCHEZ Responsable de Automatización |
||
| 999 |
_c61835 _d61835 |
||